WWE Teams - Statistics

General Stats
  • This quiz has been taken 287 times
  • The average score is 14 of 25
Answer Stats
Hint Answer % Correct
Triple H, Shawn Michaels, X Pac and Chyna D-Generation X
95%
Matt And Jeff The Hardys
95%
Jimmy and Jey The usos
82%
Roman Reigns, Seth Rollins and Dean Ambrose The Shield
81%
Kofi Kingston, Big E and Xavier Woods (Hint: Booty O's) New Day
77%
Heath Slater, Wade Barret, David Otunga (contained John Cena, CM Punk and Ryback and more) The Nexus
73%
Triple H, Randy Orton And Batista (Contained ric flair) Evolution
71%
Hollywood Hogan, Kevin Nash and Scott Hall NWO
71%
Bray Wyatt, Luke Harper And Erick Rowan (Contained Braun Strowman and Randy Orton) Wyatt Family
71%
Edge And Randy Orton Rated RKO
68%
Daniel Bryan And Kane Team Hell No
66%
Free Point? Type in: Dolph Spirit Squad
61%
Sheamus And Cesaro The Bar
60%
Cody Rhodes, Ted DiBiase and Randy Orton Legacy
59%
Luke Gallows, Finn Balor, Karl Anderson and AJ Styles The Club
59%
Goldust And R-Truth Golden Truth
52%
Aiden English And Rusev Rusev Day
41%
Kofi Kinston And Evan Bourne Air Boom
36%
Luke Harper And Erick Rowan (2018) Bludgeon Brothers
35%
Shad and JTG Cryme Time
35%
Titus O'Neill and Apollo Crews (Contained Akira Tozawa) Titus Worldwide
31%
The Miz, Bo Dallas and Curtis Axel miztourage
28%
AJ Styles And Chris Jericho Y2AJ
25%
Charlie Haas and Shelton Benjamin Worlds Greatest Tag Team
23%
Undertaker And Kane Brothers Of Destrucion
1%
No matching quizzes found
Score Distribution
Percent of People with Each Score
Percentile by Number Answered
Your Score History
You have not taken this quiz